000
00214 a2200097 4500
001
14917
100
_a
Rouse W.H.D
245
_a
Stories of the old Greeks
260
_a
London
_b
Macmillan
_c
090
_c
11684
_d
11684
942
_a
NUST-CAE
_c
M
_c
1874
999
_c
249990
_d
249990